Answer the South America 2 - Statistics

General Stats
  • This quiz has been taken 43 times
  • The average score is 13 of 14
Answers on the Map
Answers color-coded by a green-red scale on the quiz's map according to % correct below.
 
Answer Stats
Country % Correct
Argentina
100%
Brazil
97%
Chile
97%
Colombia
97%
Paraguay
97%
Peru
97%
Uruguay
97%
Venezuela
97%
Bolivia
94%
French Guiana
94%
Suriname
94%
Ecuador
91%
Guyana
88%
Falkland Islands
74%
No matching quizzes found
Score Distribution
Percent of People with Each Score
Percentile by Number Answered
Your Score History
You have not taken this quiz